000 00694nam a2200241Ia 4500
001 5719
003 GE_BSU
008 181216s||||||||xx |||||||||||||| ||und||
040 _cGE_BSU
080 _a51(035)
100 _aВирченко, Н.А. Ляшко,И.И., Швецов, К.И.
245 _aГрафики функций.
245 _bСправочник
245 _cПод ред. И.И.Ляшко. пер. с украинского
250 _aизд. 2-ое
260 _aКиев
260 _bНаукова думка
260 _c1979
300 _a319с.20см.
653 _aГрафики функций.
653 _aСправочник
942 _cBK
999 _c39136
_d39136